000 00484nam a2200193 a 4500
001 1766480581913
003 YourLibrary
005 20251226120328.0
008 251223s2003##################000#0#eng##
020 _a9780877880363
082 0 4 _a248.071
_bSIB
100 1 _aSibley, Larry,
_eauthor.
245 1 0 _aSpiritual Disciplines :
260 _bShaw Books,
_c2003.
300 _a84 pages
650 0 _aReligion.
942 _cENGLISH
040 _aYourLibrary
_beng
_cYourLibrary
999 _c605171
_d605171